Electronic Measurement and Instrumentation / (Record no. 12888)
[ view plain ]
| 000 -LEADER | |
|---|---|
| fixed length control field | 01625cam a2200337 a 4500 |
| 001 - CONTROL NUMBER | |
| control field | 4925226 |
| 005 - DATE AND TIME OF LATEST TRANSACTION | |
| control field | 20020829200617.0 |
| 008 - FIXED-LENGTH DATA ELEMENTS--GENERAL INFORMATION | |
| fixed length control field | 950515s1996 enka b 001 0 eng |
| 010 ## - LIBRARY OF CONGRESS CONTROL NUMBER | |
| LC control number | 95022252 |
| 020 ## - INTERNATIONAL STANDARD BOOK NUMBER | |
| International Standard Book Number | 0521471575 |
| 020 ## - INTERNATIONAL STANDARD BOOK NUMBER | |
| International Standard Book Number | 0521477298 (pbk.) |
| 040 ## - CATALOGING SOURCE | |
| Original cataloging agency | DLC |
| Transcribing agency | DLC |
| Modifying agency | DLC |
| 041 1# - LANGUAGE CODE | |
| Language code of text/sound track or separate title | eng |
| Language code of original and/or intermediate translations of text | dut |
| 050 00 - LIBRARY OF CONGRESS CALL NUMBER | |
| Classification number | TK7878 |
| Item number | .K51713 1996 |
| 082 00 - DEWEY DECIMAL CLASSIFICATION NUMBER | |
| Edition number | 20 |
| Classification number | 621.381548 |
| Item number | KLA |
| 100 1# - MAIN ENTRY--PERSONAL NAME | |
| Personal name | Klaassen, Klaas B., |
| Dates associated with a name | 1941- |
| 9 (RLIN) | 9271 |
| 240 10 - UNIFORM TITLE | |
| Uniform title | <a href="Elektrotechnisch meten.">Elektrotechnisch meten.</a> |
| Language of a work | English |
| 245 10 - TITLE STATEMENT | |
| Title | Electronic Measurement and Instrumentation / |
| Statement of responsibility, etc | K.B. Klaassen ; translation from Dutch, S.M. Gee. |
| 260 ## - PUBLICATION, DISTRIBUTION, ETC. (IMPRINT) | |
| Place of publication, distribution, etc | Cambridge : |
| Name of publisher, distributor, etc | Cambridge University Press, |
| Date of publication, distribution, etc | c1996. |
| 300 ## - PHYSICAL DESCRIPTION | |
| Extent | viii, 335 p. : |
| Other physical details | ill. ; |
| Dimensions | 24 cm. |
| 504 ## - BIBLIOGRAPHY, ETC. NOTE | |
| Bibliography, etc | Includes bibliographical references and index. |
| 650 #0 - SUBJECT ADDED ENTRY--TOPICAL TERM | |
| Topical term or geographic name as entry element | Electronic measurements. |
| 9 (RLIN) | 9272 |
| 650 #0 - SUBJECT ADDED ENTRY--TOPICAL TERM | |
| Topical term or geographic name as entry element | Electronic instruments. |
| 9 (RLIN) | 9273 |
| 700 1# - ADDED ENTRY--PERSONAL NAME | |
| Personal name | Gee, S.M. |
| 9 (RLIN) | 9287 |
| 856 42 - ELECTRONIC LOCATION AND ACCESS | |
| Materials specified | Publisher description |
| Uniform Resource Identifier | <a href="http://www.loc.gov/catdir/description/cam027/95022252.html">http://www.loc.gov/catdir/description/cam027/95022252.html</a> |
| 856 41 - ELECTRONIC LOCATION AND ACCESS | |
| Materials specified | Table of contents |
| Uniform Resource Identifier | <a href="http://www.loc.gov/catdir/toc/cam026/95022252.html">http://www.loc.gov/catdir/toc/cam026/95022252.html</a> |
| 942 ## - ADDED ENTRY ELEMENTS (KOHA) | |
| Source of classification or shelving scheme | Dewey Decimal Classification |
| Item type | Book - Borrowing |
| Withdrawn status | Item status | Source of classification or shelving scheme | Damaged status | Not for loan | Vendor | Home library | Current library | Shelving location | Date acquired | Source of acquisition | Total Checkouts | Total Renewals | Full call number | Barcode | Date last seen | Date last borrowed | Koha item type |
|---|---|---|---|---|---|---|---|---|---|---|---|---|---|---|---|---|---|
| Dewey Decimal Classification | Baccah | Central Library | Central Library | First floor | 10/11/2009 | 7 | 22 | 621.381548 KLA | 000018799 | 15/07/2025 | 05/12/2018 | Book - Borrowing | |||||
| Dewey Decimal Classification | Baccah | Central Library | Central Library | First floor | 10/11/2009 | 1 | 621.381548 KLA | 000018798 | 15/07/2025 | 16/11/2011 | Book - Borrowing |